Fachdeutsch für Krankenpflege

Podrobná bibliografia
Hlavný autor: Uherová, Zdenka, 1959- (Autor)
Médium: Program E-kniha
Jazyk:nemčina
Fyzický popis:1 elektronický optický disk (CD-ROM) fareb. fotogr. a ilustr. 12 cm
Vydavateľské údaje: Prešov Prešovská univerzita 2008
ISBN:9788080688387
Predmet:
On-line prístup:http://www.pulib.sk/elpub/FZ/Uherova1/index.html

MARC

LEADER 00000nam a2200000 a 4500
001 vtls009472236
003 SK-MaSNL
005 20260301024600.0
007 co bg anuua
008 240315s2008 xo oa fsp 000 0 ger
015 |a SNBS2009/03-00645 
020 |a 9788080688387  |q (elektronická kniha) 
040 |a SNK  |b slo  |c SNK  |e AACR2 
041 0 |a ger 
044 |a xo  |c SK 
072 7 |a 616  |x Patológia. Klinická medicína  |2 konspekt 
072 7 |a 81  |x Lingvistika. Jazyky  |2 konspekt 
080 |a 616-083  |2 2001 
080 |a 81'42'373.46  |2 2001 
080 |a 811.112.2  |2 2001 
080 |a (075.8)  |2 2001 
080 |a (0.034.44)  |2 2001 
100 1 |a Uherová, Zdenka,  |d 1959-  |4 aut  |9 28744 
245 1 0 |a Fachdeutsch für Krankenpflege  |h elektronický zdroj  |c Zdenka Uherová 
260 |a Prešov  |b Prešovská univerzita  |c 2008 
300 |a 1 elektronický optický disk (CD-ROM)  |b fareb. fotogr. a ilustr.  |c 12 cm 
500 |a Dokument je umiestnený na www stránke Univerzitnej knižnice PU 
500 |a Názov z titulnej obrazovky 
516 |a Textový dokument (učebnica), súbory vo formáte pdf 
538 |a Technické požiadavky: Adobe Reader 6.0 
650 0 7 |a ošetrovateľská starostlivosť  |2 SNKPH  |9 63308 
650 0 7 |a nemčina  |2 SNKPH  |9 1384 
650 0 7 |a odborné texty  |2 SNKPH  |9 63855 
655 7 |a elektronické zdroje  |2 SNKPH  |9 90954 
655 7 |a CD-ROM  |2 SNKPH  |9 70236 
655 7 |a učebnice vysokých škôl  |2 SNKPH  |9 70191 
856 4 0 |u http://www.pulib.sk/elpub/FZ/Uherova1/index.html 
919 |a 978-80-8068-838-7 
999 |c 571401  |d 573331 
952 |a SNK  |b SNK  |y PREZ  |7 0  |p 17A0608933  |o snkSCDM 2089  |i snk2009/2486  |8 0  |0 0  |1 0  |4 0  |d 2009-02-12  |l 0  |r 2026-02-23 14:15:52  |w 2026-02-23